Statistics for Indiana Jones Quiz

Click here to take the quiz!

General Stats

  • This quiz has been taken 744 times
  • The average score is 6 of 15

Answer Stats

Indiana Jones Quiz% Correct
What is Indiana Jones' weapon of choiceWhip
87%
Indiana Jones' actual nameHenry
81%
Indiana Jones hatesSnakes
79%
Indy "Hates these guys"Nazis
65%
What kind of hat does Indy wearFedora
60%
Staff of (blank)Ra
48%
Where does Indy find the arc (be specific)Well of Souls
32%
Indiana Jones' rivalBelloq
25%
Head of the thuggee cultMola Ram
25%
Indiana Jones' sonMutt Williams
24%
What is the name of the palace in Temple of DoomPankot
23%
Who first discovered the crystal skullOx
21%
Where must Indy bring the crystal skullAkator
11%
Indiana Jones' best friendMarkus
6%
Indiana Jones' wifeMarrion Ravenwood
3%

Score Distribution

Percentile by Number Answered

Percent of People with Each Score

Your Score History

You have not taken this quiz